| 000 | 00753nam a22002177a 4500 | ||
|---|---|---|---|
| 003 | OSt | ||
| 005 | 20260424070708.0 | ||
| 008 | 260424b |||||||| |||| 00| 0 eng d | ||
| 020 | _a971-550-148-6. | ||
| 040 |
_aOC _cDWC-Main Lib |
||
| 082 | _aFil. 307.70959 P434p 1995 | ||
| 100 | _aPertierra, R. | ||
| 245 |
_aPhilippine localities and global perspectives _cPertierra, Raul |
||
| 260 |
_aManila: _bAteneo De Manila Univesity Press ; _cc1995. |
||
| 300 |
_axi, 216 pages ; _c 23 cm. |
||
| 504 | _aIncludes references and index. | ||
| 650 | _a1. Community. | ||
| 650 | _a2. Literature and Anthropology. | ||
| 650 | _a3. Sociology - Southeast Asia. | ||
| 942 |
_2ddc _cBK - FIL _hFil. 307.70959 P434p 1995 _kFil. _n0 |
||
| 999 |
_c9859 _d9859 |
||